Hospodárstvo Venezuely diplomová práca

Na minha lista:
Detalhes bibliográficos
Autor principal: Kindiak, Artem
Autor Corporativo: Fakulta medzinárodných vzťahov EU. Katedra medzinárodných ekonomických vzťahov a hospodárskej diplomacie
Outros Autores: Lipková, Ľudmila
Formato: Livro
Idioma:russo
Publicado em: Bratislava 2018
Tags: Adicionar Tag
Sem tags, seja o primeiro a adicionar uma tag!

MARC

LEADER 00000nbm a2200000 4500
001 0244511
005 20190118094046.0
041 0 |a rus 
044 |a SK 
245 1 0 |a Hospodárstvo Venezuely  |b diplomová práca  |c Artem Kindiak ; školiteľ: Ľudmila Lipková 
264 1 |a Bratislava  |c 2018 
300 |a 58 s. 
100 1 |a Kindiak, Artem 
700 1 |a Lipková, Ľudmila 
710 2 |a Fakulta medzinárodných vzťahov EU. Katedra medzinárodných ekonomických vzťahov a hospodárskej diplomacie